| 000 | 00380 a2200169 4500 | ||
|---|---|---|---|
| 001 | 194444 | ||
| 020 | _a978-85-96-02000-8 | ||
| 040 | _cMagnum | ||
| 100 | _aLobato, Monteiro | ||
| 240 | 1 | 0 |
_aA reforma da natureza _lpor |
| 245 | 1 | 0 | _aA reforma da natureza |
| 300 | _a160 | ||
| 362 | 0 | _a2019 | |
| 440 | 1 | _aFTD | |
| 697 | _aLÍNGUA - LINGÜÍSTICA - LITERATURA | ||
| 942 | _cBK | ||
| 999 |
_c194444 _d194444 |
||